000 00665nam a2200205 i 4500
001 86653
003 ES-MaACL
005 20230906175509.0
007 t|
008 041214m19271931sp ||||1| spa d
100 1 _aKlein, Felix.
_968209
245 1 0 _aMatemática elemental desde un punto de vista superior /
_cFelix Klein ; traducción de Roberto Araujo [y B. Fontanilla].
260 _aMadrid :
_b[s.n.,
_c1927-1931] (
_eCuenca :
_fRuiz de Lara)
300 _a2 v. ;
_c24 cm.
490 1 _aBiblioteca matemática
700 1 _aAraujo, Roberto.
_9151793
830 0 _aBiblioteca matemática
_9189186
852 _aES-MaACL
_jA-1198-99
999 _c86653
_d86653